Donde nacen los cóndores: cantata popular
Salvato in:
| Autori principali: | , |
|---|---|
| Altri autori: | |
| Natura: | Libro |
| Lingua: | spagnolo |
| Pubblicazione: |
Valparaíso
Pontificia Universidad Católica de Valparaíso
2011
|
| Soggetti: | |
| Accesso online: | carátula |
| Tags: |
Aggiungi Tag
Nessun Tag, puoi essere il primo ad aggiungerne!!
|
MARC
| LEADER | 00000cam a2200000 a 4500 | ||
|---|---|---|---|
| 001 | UCF9621 | ||
| 003 | CL-VaPUC | ||
| 008 | 131206e20110000cl |||||||||||||||||spa|d | ||
| 082 | 0 | 4 | |a 782.48 |b GAR |2 21 |
| 100 | |a Garrido-Lecca, Celso |e author |9 630654 | ||
| 700 | |a Niño Vásquez, Nelson Patricio |e autor |9 589071 | ||
| 700 | 0 | |a García Hurtado, Federico |e author |9 571996 | |
| 245 | 1 | 0 | |a Donde nacen los cóndores: cantata popular |
| 246 | 1 | 0 | |a Kuntur Wachana |
| 300 | |a 1 Cd | ||
| 942 | |c BK | ||
| 945 | |d 20131206 11:14:00 |a cmena | ||
| 260 | |a Valparaíso |b Pontificia Universidad Católica de Valparaíso |c 2011 | ||
| 650 | 7 | |a CANTATAS POPULARES |2 CL-VaPUC |9 571997 | |
| 650 | 0 | |a Compositores peruanos |9 571998 | |
| 650 | 0 | |a Música contemporánea |9 306742 | |
| 856 | 7 | |f UCF9621_01.jpg |u http://opac.pucv.cl/pucv_img/Img-9500/UCF9621_01.jpg |q JEPG |2 file |z carátula | |
| 583 | |a last modification |c 20131206 11:14:00 |k Rodrigo Vera | ||
| 999 | |c 354054 |d 354052 | ||
| 952 | |0 0 |1 0 |3 cd |4 0 |6 782_480000000000000_GAR_2011 |7 0 |8 X |9 459698 |a BIBEDU |b BIBEDU |i 4858964 |o 782.48 GAR 2011 |p 4858964 |r 2023-01-12 |w 2019-11-23 |y BK_X |z Catalogado en:20131206 |k MUS | ||